LEADER 01223nam a2200265 4500 001 000000364950 003 CaOOAMICUS 005 20251106114541.0 008 251103s2011 it 000 u ita r 040 $aSeMil$bita 100 1 $aGobetti, Piero,$d<1901-1926>.$0(OLS)http://semarc/name/11508 245 13$aLa Rivoluzione Liberale :$bsaggio sulla lotta politica in Italia /$cPiero Gobetti ; prefazione di Antonio Carioti. 264 1$aMilano :$bRCS Quotidiani,$c2011. 300 $a237 p. ;$c19 cm 490 1 $aLaicicattolici ;$v4 650 4$aLiberalismo.$0(OLS)http://semarc/subject/6380 650 4$aGobetti, Piero <1901-1926> - Pensiero politico.$0(OLS)http://semarc/subject/58867 700 1 $aCarioti, Antonio,$d<1961- >.$0(OLS)http://semarc/name/123070 830 0$aLaicicattolici ;$v4.$0(OLS)http://semarc/title/456469 850 $aSeMil 852 $aSeMil$W1$xVenegono$y1$m3N I 792$j264313$B255787$CSeMilBibl$Z2$F255787 $81 961 $aBuzzi mons. Franco - Omaggio 996 $6245$aLa Rivoluzione Liberale :$bsaggio sulla lotta politica in Italia$9(OLS)http://semarc/title/296633 996 $6264$aMilano :$bRCS Quotidiani$9(OLS)http://semarc/publisher/34515 LEADER 00944nam a2200229 i 4500 001 000000190554 003 CaOOAMICUS 005 20100621000000.0 008 100621s1925 it u000 u ita u 013 $a168967 040 $aSeMil$bita 100 1 $aBosco, Giovanni,$c.$0(OLS)http://semarc/name/4287 245 13$aIl beato Giuseppe Cafasso /$cmemorie pubblicate nel 1860 dal sac. Giovanni Bosco. 260 $aTorino :$bSocietà Editrice Internazionale,$c1925. 300 $a125 p. ;$c21 cm. 600 14$aCafasso, Giuseppe .$0(OLS)http://semarc/subject/2590 850 $aSeMil 852 $aSeMil$W1$xVenegono$y1$m3H III 35$j141171$B141171$CSeMilBibl$Z2$F152778 $81 900 0 $aGiovanni : Bosco. 996 $6245$aIl beato Giuseppe Cafasso$9(OLS)http://semarc/title/274515 996 $6260$aTorino :$bSocietà Editrice Internazionale$9(OLS)http://semarc/publisher/29847